Can you guess all the canon and 5YL Ben 10 aliens? - Statistics

General Stats
  • This quiz has been taken 19 times
  • The average score is 42 of 259
Answer Stats
Hint Answer % Correct
#1 Heatblast
93%
#17 Ditto
86%
#22 Echo Echo
79%
#6 Four Arms
79%
#10 Ghostfreak
79%
#7 Stinkfly
79%
#16 Upchuck
79%
#19 Way Big
79%
#12 Wildvine
79%
#4 XLR8
79%
#13 Benwolf
71%
#11 Cannonbolt
71%
#3 Diamondhead
71%
#15 Frankenstrike
71%
#5 Grey Matter
71%
#8 Ripjaws
71%
#21 Swampfire
71%
#9 Upgrade
71%
#2 Wildmutt
71%
#20 Arctiguana
64%
#25 Big Chill
64%
#18 Eye Guy
64%
#23 Humungousaur
64%
#14 Snare-Oh
64%
#171 Spitter
64%
#30 Alien X
57%
#36 Armodrillo
57%
#29 Goop
57%
#24 Jetray
57%
#38 NRG
57%
#28 Spidermonkey
57%
#34 Water Hazard
57%
#45 Bloxx
50%
#27 Brainstorm
50%
#58 Buzzshock
50%
#26 Chromastone
50%
#39 Fasttrack
50%
#54 Feedback
50%
#32 Rath
50%
#37 terraspin
50%
#55 Toepick
50%
#35 AmpFibian
43%
#59 Atomix
43%
#48 Ball Weevil
43%
#40 Chamalien
43%
#43 Clockwork
43%
#46 Gravattack
43%
#44 Juryrigg
43%
#31 Lodestar
43%
#33 Nanomech
43%
#41 Shocksquatch
43%
#47 Crashhopper
36%
#42 Eatle
36%
#60 Gutrot
36%
#51 Molestache
36%
#61 Whampire
36%
#56 Astrodactyl
29%
#57 Bullfrag
29%
#53 Kickin Hawk
29%
#50 Pesky Dust
29%
#52 The Worst
29%
#49 Walkatrout
29%
#515 Buck Wild
21%
#172 Portaler
21%
#233 Slingshot
21%
#680 The Void
21%
#240 UltraViolent
21%
#177 Antigravitesla
14%
#770 Full Stop
14%
#517 MonKi
14%
#932 Night-Owl
14%
#990 Soap Reef
14%
#180 Squidstrictor
14%
#70 Tenten
14%
#655 Tricycolt
14%
#66 Amalgaman
7%
#262 Backwash
7%
#221 Bathoven
7%
#931 Blowhole
7%
#938 Blowtorch
7%
#65 Bogie
7%
#261 Bouldercrash
7%
#124 Brightspeed
7%
#247 Bullwark
7%
#926 Catabones
7%
#229 Coretoise
7%
#122 Demonsion
7%
#225 Digore
7%
#512 Disk Jockey
7%
#130 DKR
7%
#68 Elast-Elk
7%
#228 Electricibee
7%
#921 Ele-Mental
7%
#123 Elimigator
7%
#250 Energuy
7%
#649 FireCroaker
7%
#652 FogHorn
7%
#129 Forecaster
7%
#653 FryGuy
7%
#125 Funguy
7%
#226 Gelignite
7%
#646 GlowWyrm
7%
#939 Goober
7%
#647 GroovyLoogie
7%
#126 Gunstinger
7%
#648 Heatsink
7%
#927 Influx
7%
#249 Isodope
7%
#689 Itsy Glicky Spider
7%
#69 Jetpuff
7%
#933 Klean Kut
7%
#127 Kleaver
7%
#925 Kraving
7%
#924 Laughing Gas
7%
#928 Love Song
7%
#242 Mantabolt
7%
#246 Mix Master
7%
#934 Moosetracks
7%
#673 Moppet
7%
#642 Mudslide
7%
#121 Outburst
7%
#64 Power Plant
7%
#263 Punchline
7%
#67 putty
7%
#671 Rattle
7%
#923 Reflester
7%
#644 Riptide
7%
#937 Scissor Kick
7%
#224 Scorpiblow
7%
#651 Scrap Heat
7%
#935 Shadow Box
7%
#922 Slamphibian
7%
#244 Slobbarrage
7%
#929 Slowpoke
7%
#766 Soarnitho
7%
#643 SpitTake
7%
#222 Starfissure
7%
#520 Sucker Punch
7%
#930 SunStrictor
7%
#128 Tentadrill
7%
#248 Tourniquet
7%
#265 Vitaliyeti
7%
#936 WindWeed
7%
#230 Wispunch
7%
#411 Wormwork
7%
#227 Wrecker
7%
#511 Acid Grime
0%
#989 AllChemist
0%
#971 Archeagle
0%
#907 Arm-Me
0%
#264 Astronaught
0%
#631 Ball Pit
0%
#912 Blastzone
0%
#785 Bloodbite
0%
#491 Bloodline
0%
#952 Boiling Point
0%
#532 BoomBall
0%
#911 Bugsaw
0%
#672 Callus
0%
#637 Candle Stick
0%
#950 Candystain
0%
#906 Cap'n Gravy
0%
#493 ChemiKill
0%
#944 Chompvine
0%
#676 CraterFace
0%
#976 Crazyvulgar
0%
#960 Cryonyx
0%
#955 Decathalon
0%
#461 Dental Dam
0%
#957 Dino King
0%
#942 Divebomb
0%
#951 Dopameal
0%
#531 Enviro-Mental
0%
#978 Eruptile
0%
#901 Firecracker
0%
#635 Fishstick
0%
#948 FleaShooter
0%
#973 Floam Rubber
0%
#781 Floof
0%
#902 Fluff Buff
0%
#917 Fungicide
0%
#905 Funkyfever
0%
#674 Gacha
0%
#640 Gastral
0%
#945 Geo
0%
#972 GiAnt
0%
#788 Gremlynx
0%
#463 Gut Buster
0%
#986 Hack N' Slash
0%
#980 Haphazard
0%
#784 Hareraiser
0%
#949 Hat Trick
0%
#786 Heartwyrm
0%
#946 Hexaposs
0%
#982 Howl
0%
#783 Ice Age
0%
#494 Illborn
0%
#984 Insectaroo
0%
#966 Kineticrush
0%
#514 Koisen
0%
#519 Krush
0%
#420 Lank
0%
#956 Laugh Bandit
0%
#662 Lovespit
0%
#495 Low Crawl
0%
#970 Marshmellow
0%
#789 Mawmeleon
0%
#954 Melosea
0%
#63 Mentacle
0%
#975 Mindwipe
0%
#537 Momentum Mori
0%
#913 Oddmancer
0%
#679 OnionHead
0%
#974 Oream
0%
#417 Overkill
0%
#782 Owllusion
0%
#412 Pacadumb
0%
#983 Pinball
0%
#415 Prick
0%
#953 Ravenstorm
0%
#947 Razorclaw
0%
#533 Ripcord
0%
#641 RockHop
0%
#678 Rootwork
0%
#787 Rorsmack
0%
#518 Salamancer
0%
#918 Sand Storm
0%
#915 Show Stopper
0%
#958 Side Effect
0%
#516 Slampeed
0%
#661 Slugger
0%
#919 Smashteroid
0%
#943 Snake Bite
0%
#910 Snapdragon
0%
#988 Solar Bear
0%
#636 Speed Slug
0%
#967 Splotch
0%
#981 Statter
0%
#903 Steamlunk
0%
#985 Steam Roller
0%
#959 Stick Man
0%
#677 Stick n' Slide
0%
#645 Subsidian
0%
#920 Superstar
0%
#513 Tae Kwon Dude
0%
#962 TailPorter
0%
#536 Tailspin
0%
#492 Telewack
0%
#979 Thermosplat
0%
#675 Trench
0%
#419 Truffle
0%
#904 Uproar
0%
#413 Vertebreak
0%
#538 Vibe Check
0%
#961 Visipede
0%
#987 Vortex
0%
#914 Waterspout
0%
#941 Wide-Sight
0%
#977 Wisper
0%
No matching quizzes found
Score Distribution
Percent of People with Each Score
Percentile by Number Answered
Your Score History
You have not taken this quiz